000 00797nam a2200229Ia 4500
020 _a9789211262131
020 _a9211262135
040 _cNTE
082 _a338 UND 2007 A073 Or.
245 0 0 _aOvercoming vulnerability to rising oil prices :
_boptions for Asia and the Pacific
260 _aBangkok, Thailand :
_bUNDP Regional Centre in Bangkok,
_cc2007
300 _axv, 149 p. :
_bcol. ill., map ;
_c28 cm
500 _a"Regional Energy Programme for Poverty Reduction."
500 _a"Sales No.: E.08.III.B.5"--T.p. verso
650 0 _aPetroleum products
650 0 _aPetroleum products
650 0 _aPetroleum products
650 0 _aPetroleum products
710 2 _aRegional Energy Programme for Poverty Reduction
710 2 _aUnited Nations Development Programme.
942 _cEK
999 _c15112
_d15112